Washington Allston, secret societies, and the alchemy of Anglo-American painting / (Record no. 17905)

000 -LEADER
fixed length control field 01460cam a2200337 a 4500
005 - DATE AND TIME OF LATEST TRANSACTION
control field 20161130085753.0
008 - FIXED-LENGTH DATA ELEMENTS--GENERAL INFORMATION
fixed length control field 960326s1997 enka b 001 0 eng
010 ## - LIBRARY OF CONGRESS CONTROL NUMBER
LC control number 96014282
020 ## - INTERNATIONAL STANDARD BOOK NUMBER
International Standard Book Number 0521431530 (hc)
050 00 - LIBRARY OF CONGRESS CALL NUMBER
Classification number ND237.A4B56 1997
100 1# - MAIN ENTRY--PERSONAL NAME
Personal name Bjelajac, David.
245 10 - TITLE STATEMENT
Title Washington Allston, secret societies, and the alchemy of Anglo-American painting /
Statement of responsibility, etc. David Bjelajac.
260 ## - PUBLICATION, DISTRIBUTION, ETC. (IMPRINT)
Place of publication, distribution, etc. Cambridge ;
-- New York :
Name of publisher, distributor, etc. Cambridge University Press,
Date of publication, distribution, etc. 1997.
300 ## - PHYSICAL DESCRIPTION
Extent x, 239 p. :
Other physical details ill. ;
Dimensions 26 cm.
440 #0 - SERIES STATEMENT/ADDED ENTRY--TITLE
Title Cambridge studies in American visual culture
504 ## - BIBLIOGRAPHY, ETC. NOTE
Bibliography, etc Includes bibliographical references (p. 206-231) and index.
600 10 - SUBJECT ADDED ENTRY--PERSONAL NAME
Personal name Allston, Washington,
Dates associated with a name 1779-1843
General subdivision Criticism and interpretation.
650 #0 - SUBJECT ADDED ENTRY--TOPICAL TERM
Topical term or geographic name as entry element Symbolism in art
Geographic subdivision United States.
650 #0 - SUBJECT ADDED ENTRY--TOPICAL TERM
Topical term or geographic name as entry element Freemasonry in art.
856 42 - ELECTRONIC LOCATION AND ACCESS
Materials specified Publisher description
Uniform Resource Identifier <a href="http://www.loc.gov/catdir/description/cam027/96014282.html">http://www.loc.gov/catdir/description/cam027/96014282.html</a>
856 41 - ELECTRONIC LOCATION AND ACCESS
Materials specified Table of contents
Uniform Resource Identifier <a href="http://www.loc.gov/catdir/toc/cam025/96014282.html">http://www.loc.gov/catdir/toc/cam025/96014282.html</a>
942 ## - ADDED ENTRY ELEMENTS (KOHA)
Source of classification or shelving scheme
Koha item type Hard Covered Materials
Classification part ND237.A4B56 1997
Holdings
Withdrawn status Lost status Source of classification or shelving scheme Damaged status Not for loan Home library Current library Shelving location Date acquired Source of acquisition Total Checkouts Full call number Barcode Date last seen Price effective from Koha item type
          MACHAKOS UNIVERSITY LIBRARY MACHAKOS UNIVERSITY LIBRARY Open shelf 30/11/2016 Donation(BFA)   ND237.A4B56 1997 28959 04/06/2019 30/11/2016 Hard Covered Materials
© Machakos University Library, Along The Highway, Machakos Wote Rd, Machakos, Kenya P.O. Box 136 - 90100 Machakos - Kenya

Tel: ( +254 ) 723 805829 OR Fax : 044-20353 OR Email: library@mksu.ac.ke